<?xml version="1.0" encoding="UTF-8"?>
<record
    xmlns:xsi="http://www.w3.org/2001/XMLSchema-instance"
    xsi:schemaLocation="http://www.loc.gov/MARC21/slim http://www.loc.gov/standards/marcxml/schema/MARC21slim.xsd"
    xmlns="http://www.loc.gov/MARC21/slim">

  <leader>00885nam0a2200253   4500</leader>
  <controlfield tag="001">RU\NLR\BIBL_A\022559817</controlfield>
  <controlfield tag="005">20250630182302.0</controlfield>
  <datafield tag="035" ind1=" " ind2=" ">
    <subfield code="a">(NLR Aleph) 022559817</subfield>
  </datafield>
  <datafield tag="090" ind1=" " ind2=" ">
    <subfield code="a">13435997</subfield>
    <subfield code="c">13435997</subfield>
  </datafield>
  <datafield tag="100" ind1=" " ind2=" ">
    <subfield code="a">20250605d1949    |||y0rusy50      ca</subfield>
  </datafield>
  <datafield tag="101" ind1="0" ind2=" ">
    <subfield code="a">aze</subfield>
  </datafield>
  <datafield tag="102" ind1=" " ind2=" ">
    <subfield code="a">AZ</subfield>
  </datafield>
  <datafield tag="105" ind1=" " ind2=" ">
    <subfield code="a">a   z   000 y</subfield>
  </datafield>
  <datafield tag="181" ind1=" " ind2="0">
    <subfield code="a">i </subfield>
    <subfield code="b">axxe  </subfield>
  </datafield>
  <datafield tag="182" ind1=" " ind2="0">
    <subfield code="a">n</subfield>
  </datafield>
  <datafield tag="200" ind1="1" ind2=" ">
    <subfield code="a">&#x41A;&#x43E;&#x43B;&#x445;&#x43E;&#x437; &#x430;&#x440;&#x44B;&#x445;&#x430;&#x43D;&#x430;&#x43B;&#x430;&#x440;&#x44B;&#x43D;&#x434;&#x430; &#x433;&#x430;&#x431;&#x430;&#x433;&#x442;&#x4D9;&#x43F;&#x4D9; &#x430;&#x440;&#x44B;&#x441;&#x44B;&#x43D;&#x434;&#x430;&#x43D; &#x438;&#x441;&#x442;&#x438;&#x444;&#x430;&#x434;&#x4D9; &#x435;&#x434;&#x4D9;&#x43A;</subfield>
    <subfield code="f">&#x415;. &#x410;. &#x428;&#x438;&#x448;&#x438;&#x43A;&#x438;&#x43D;</subfield>
    <subfield code="g">[&#x440;&#x435;&#x434;.: &#x410;. &#x410;&#x431;&#x434;&#x443;&#x43B;&#x43B;&#x430;&#x435;&#x432;]</subfield>
  </datafield>
  <datafield tag="203" ind1=" " ind2=" ">
    <subfield code="a">&#x422;&#x435;&#x43A;&#x441;&#x442;</subfield>
    <subfield code="b">&#x432;&#x438;&#x437;&#x443;&#x430;&#x43B;&#x44C;&#x43D;&#x44B;&#x439;</subfield>
    <subfield code="c">&#x43D;&#x435;&#x43F;&#x43E;&#x441;&#x440;&#x435;&#x434;&#x441;&#x442;&#x432;&#x435;&#x43D;&#x43D;&#x44B;&#x439;</subfield>
  </datafield>
  <datafield tag="210" ind1=" " ind2=" ">
    <subfield code="a">&#x411;&#x430;&#x43A;&#x44B;</subfield>
    <subfield code="c">&#x410;&#x437;&#x4D9;&#x440;&#x43D;&#x4D9;&#x448;&#x440;</subfield>
    <subfield code="d">1949</subfield>
  </datafield>
  <datafield tag="215" ind1=" " ind2=" ">
    <subfield code="a">58,[1] &#x441;.</subfield>
    <subfield code="c">&#x438;&#x43B;.</subfield>
    <subfield code="d">20</subfield>
  </datafield>
  <datafield tag="541" ind1="1" ind2=" ">
    <subfield code="a">&#x41A;&#x430;&#x431;&#x430;&#x445;&#x442;&#x430;&#x43F;&#x438;&#x43D;&#x441;&#x43A;&#x443;&#x44E; &#x43F;&#x447;&#x435;&#x43B;&#x443; &#x43A;&#x43E;&#x43B;&#x445;&#x43E;&#x437;&#x43D;&#x44B;&#x43C; &#x43F;&#x430;&#x441;&#x435;&#x43A;&#x430;&#x43C;</subfield>
    <subfield code="z">rus</subfield>
  </datafield>
  <datafield tag="700" ind1=" " ind2="1">
    <subfield code="a">&#x428;&#x438;&#x448;&#x438;&#x43A;&#x438;&#x43D;</subfield>
    <subfield code="b">&#x415;. &#x410;.</subfield>
    <subfield code="4">070</subfield>
  </datafield>
  <datafield tag="942" ind1=" " ind2=" ">
    <subfield code="c">BOOK</subfield>
  </datafield>
  <datafield tag="980" ind1=" " ind2=" ">
    <subfield code="a">NB</subfield>
  </datafield>
</record>
